| 000 | 00332nam a2200109Ia 4500 | ||
|---|---|---|---|
| 008 | 200302s9999 xx 000 0 und d | ||
| 100 | _aJohn S. Skinner | ||
| 245 | _aForm and Fancy Factories and factory buildings by wallis, gilbert and partners, 1916-1939 | ||
| 260 | _bLiverpool University Press | ||
| 260 | _c1997 | ||
| 300 | _a317 P., | ||
| 999 |
_c4155 _d4155 |
||